00754cam a2200241 a 450000100060000000300080000600500170001400800390003103500190007004000230008904100080011208200280012010000260014824501050017425000130027926000350029230000340032750000490036150000200041065000270043065000310045770000240048812070BD-RjUL20211208235229.0140128s1973 ii k 001 0 eng a(BD-RjUL)12119 aDLCcDLCdDLCbeng aeng00a345.40325219bGHL 19731 aGhosh, Abinaschandra.10aLaws of compulsory acquisition & compensation in India & the Land Acquisition Act, 1894 /cA. Ghosh. a6th ed.  aCalcutta :bR. Cambray,c1973. a80, 1262 p. :bill. ;c25 cm. aSpine title: The Land Acquisition Act, 1894. aIncludes index. 0aEminent domainzIndia. 0aCompensation (Law)zIndia.1 aGhosh, Sunil Kumar.